<?xml version="1.0" encoding="UTF-8"?>
<collection xmlns="http://www.loc.gov/MARC21/slim">
 <record>
  <leader>01453nam a22002291  4500</leader>
  <controlfield tag="001">1/44505</controlfield>
  <controlfield tag="008">140520s2008    gr            000 0 gre d</controlfield>
  <datafield tag="020" ind1=" " ind2=" ">
   <subfield code="a">9789606780301</subfield>
  </datafield>
  <datafield tag="035" ind1=" " ind2=" ">
   <subfield code="l">47457</subfield>
  </datafield>
  <datafield tag="040" ind1=" " ind2=" ">
   <subfield code="a">GR-PeUP</subfield>
  </datafield>
  <datafield tag="082" ind1="0" ind2="0">
   <subfield code="a">343.052'3 ΤΟΤ</subfield>
  </datafield>
  <datafield tag="100" ind1="1" ind2=" ">
   <subfield code="a">Τότσης, Χρήστος Ν.</subfield>
  </datafield>
  <datafield tag="245" ind1="1" ind2="2">
   <subfield code="a">Ερμηνεία φορολογίας εισοδήματος φυσικών και νομικών προσώπων :</subfield>
   <subfield code="b">ερμηνεία σε βάθος των διατάξεων του Ν.2238/1994 ενημερωμένη και με το Ν. 3634/2008 /</subfield>
   <subfield code="c">Χρήστου Ν. Τότση.</subfield>
  </datafield>
  <datafield tag="250" ind1=" " ind2=" ">
   <subfield code="a">3η έκδοση.</subfield>
  </datafield>
  <datafield tag="260" ind1=" " ind2=" ">
   <subfield code="a">Αθήνα :</subfield>
   <subfield code="b">Πάμισος,</subfield>
   <subfield code="c">2008</subfield>
  </datafield>
  <datafield tag="300" ind1=" " ind2=" ">
   <subfield code="a">4 τ. (670· 707· 788· 912 σ. );</subfield>
   <subfield code="c">24 εκ.</subfield>
  </datafield>
  <datafield tag="505" ind1="0" ind2=" ">
   <subfield code="a">Πλήρης περιεχόμενο (όλο το έργο) T.1. Άρθρα 1-23 Ν. 2238/1994 -- Τ.2. Άρθρα 24-33 Ν. 2238/1994 -- Τ.3. Άρθρα 34-97 Ν. 2238/1994 -- Τ.4. Άρθρα 98-118 Ν.2238/1994.</subfield>
  </datafield>
  <datafield tag="650" ind1=" " ind2="4">
   <subfield code="a">Φορολογία</subfield>
   <subfield code="x">Δίκαιο και νομοθεσία.</subfield>
  </datafield>
  <datafield tag="852" ind1=" " ind2=" ">
   <subfield code="a">INST</subfield>
   <subfield code="b">UNIPILB</subfield>
   <subfield code="c">MAIN</subfield>
   <subfield code="e">20140520</subfield>
   <subfield code="h">343.052'3 ΤΟΤ</subfield>
   <subfield code="p">00171082</subfield>
   <subfield code="q">00171082</subfield>
   <subfield code="t">LOAN</subfield>
   <subfield code="y">0</subfield>
   <subfield code="4">1</subfield>
  </datafield>
  <datafield tag="852" ind1=" " ind2=" ">
   <subfield code="a">INST</subfield>
   <subfield code="b">UNIPILB</subfield>
   <subfield code="c">MAIN</subfield>
   <subfield code="e">20140520</subfield>
   <subfield code="h">343.052'3 ΤΟΤ</subfield>
   <subfield code="p">00171083</subfield>
   <subfield code="q">00171083</subfield>
   <subfield code="t">LOAN</subfield>
   <subfield code="y">0</subfield>
   <subfield code="4">1</subfield>
  </datafield>
  <datafield tag="852" ind1=" " ind2=" ">
   <subfield code="a">INST</subfield>
   <subfield code="b">UNIPILB</subfield>
   <subfield code="c">MAIN</subfield>
   <subfield code="e">20140520</subfield>
   <subfield code="h">343.052'3 ΤΟΤ</subfield>
   <subfield code="p">00171084</subfield>
   <subfield code="q">00171084</subfield>
   <subfield code="t">LOAN</subfield>
   <subfield code="y">0</subfield>
   <subfield code="4">1</subfield>
  </datafield>
  <datafield tag="852" ind1=" " ind2=" ">
   <subfield code="a">INST</subfield>
   <subfield code="b">UNIPILB</subfield>
   <subfield code="c">MAIN</subfield>
   <subfield code="e">20140520</subfield>
   <subfield code="h">343.052'3 ΤΟΤ</subfield>
   <subfield code="p">00171085</subfield>
   <subfield code="q">00171085</subfield>
   <subfield code="t">LOAN</subfield>
   <subfield code="y">0</subfield>
   <subfield code="4">1</subfield>
  </datafield>
 </record>
</collection>
